Многомерният модел на човека (Запис номер 179299)
[ съкратено ]
| 000 -Лидер | |
|---|---|
| Контролно поле с фиксирана дължина | 02738nam a2200457 c 4500 |
| 003 - Код на организацията, давaща контролен номер | |
| Контролно поле | BLK |
| 005 - Дата и час на последна редакция | |
| Контролно поле | 20250108113147.0 |
| 008 - Елементи от данни с фиксирана дължина | |
| fixed length control field | 180411b bul|||||r ||||||| ||bul|| |
| 010 ## - Наследен системен номер | |
| LC control number | KNG00188078000 |
| 020 ## - Международен стандартен номер на книга ISBN | |
| Международен стандартен номер на книга ISBN | 978-619-153-099-1 |
| -- | издат.: Паритет |
| 040 ## - Източник на каталожния запис | |
| Идентификатор на билиотеката - собственик на записа | BLK |
| 041 ## - Код за език | |
| Код за езика на текст/звукозапис или на отделно заглавие | Български |
| Код за езика КДБФ | Български |
| 072 #7 - Код за тематичната категория | |
| Код организация | bullib |
| Код за тематична категория | Н61 |
| Текст | Медицина Н |
| 072 #7 - Код за тематичната категория | |
| Код организация | bullib |
| Код за тематична категория | Л03 |
| Текст | Себепознание. Мисловни техники. Психология. Парапсихология |
| 080 ## - УДК | |
| Текстов определител УДК | Етиология. Учение за причините на болестите |
| УДК код - определител по УДК | 616-02 |
| УДК определител | (02.062) |
| УДК - код + определител | 616-02(02.062) |
| 080 ## - УДК | |
| Текстов определител УДК | Здраве и болест. Самолечение(самооздравяване)на организма чрез защитния механизъм на организма. Експериментално предизвикване на болести |
| УДК код - определител по УДК | 616-092.11/.19 |
| УДК определител | (02.062) |
| УДК - код + определител | 616-092.11/.19(02.062) |
| 080 ## - УДК | |
| Текстов определител УДК | Индивидуална психология. Психология на личността. Индивидуалност. Психология на характера. Характерология. Психологическа типология |
| УДК код - определител по УДК | 159.923 |
| УДК определител | (02.062) |
| УДК - код + определител | 159.923(02.062) |
| 100 1# - Редна дума - Автор | |
| Автор | Пейчев, Николай Валериевич |
| Авторска отговорност | първи автор |
| R(LIN) | 341729 |
| 139 ## - Редно поле | |
| Редна дума | Пейчев, Николай Валериевич |
| Авторски знак | Пеи - П 33 |
| 245 10 - Сведения за заглавието | |
| Заглавие | Многомерният модел на човека |
| Подзаглавни данни | Как да се избавите от болестите и никога повече да не боледувате |
| Редно поле (дума) | Николай Валериевич Пейчев; прев. Горанка Цветкова. |
| 257 ## - Страна на издаване | |
| Страна на създаване/издаване | Русия |
| 260 ## - Област на издателските данни | |
| -- | София |
| Име на издателя, разпространителя и проч. | Паритет |
| Година на издаване | 2016 |
| 300 ## - Физическа характеристика | |
| Страници | 240 с. |
| Илюстрации и др. | с ил. |
| Размери/Мащаб | 20 см |
| 380 ## - Жанр | |
| Жанр | Медицина |
| 500 ## - Общи забележки | |
| Забележка | Ориг. загл. Многомерная модель человека : Как избавитьъя от любого заболевания и никогда в жизни больше не болеть / Николай Валерьевич Пейчев |
| 650 #4 - Допълнително описание по предмет – тема | |
| Основно описание – тема или топоним | Болести - етиология и лечение |
| 9 (RLIN) | 243862 |
| 650 #4 - Допълнително описание по предмет – тема | |
| Основно описание – тема или топоним | Психология на личността |
| 9 (RLIN) | 267089 |
| 653 ## - Ключова дума – ненормативна | |
| Ключова дума | болести |
| 653 ## - Ключова дума – ненормативна | |
| Ключова дума | етимология |
| 653 ## - Ключова дума – ненормативна | |
| Ключова дума | патогенеза |
| 653 ## - Ключова дума – ненормативна | |
| Ключова дума | енергийна медицина |
| 659 ## - Тематичен бюлетин | |
| Тематичен бюлетин | Л |
| 659 ## - Тематичен бюлетин | |
| Тематичен бюлетин | Н |
| 700 1# - Други автори (авторска отговорност) | |
| Лично име | Цветкова, Горанка |
| Автороска отговорност (Описва отношението между автора и произведението) | прев. |
| 9 (RLIN) | 367409 |
| 852 ## - Местоположение | |
| Форматна сигнатура | Цб 280722 |
| 856 4# - Електронен адрес и достъп | |
| Електронен формат | pdf - файл |
| Път до файла /url/ | |
| 856 4# - Електронен адрес и достъп | |
| Електронен формат | pdf - файл |
| Път до файла /url/ | |
| 942 ## - АРТИКУЛИ | |
| Вид на библиотечния материал | Книги |
| Скрит в OPAC | Не |
| Koha issues (borrowed), all copies | 8 |
| 944 ## - СЪЗДАВАНЕ И РЕДАКЦИЯ на ЗАПИСА | |
| Създаване/Редакция | Създаване |
| Дата на регистрацията/редакция | 31.05.2016 |
| Служител, извършил регистрацията/редакцията | 30575 |
| Статус, дата на статуса | Мартин Енчев |
| 944 ## - СЪЗДАВАНЕ И РЕДАКЦИЯ на ЗАПИСА | |
| Създаване/Редакция | Редакция |
| Дата на регистрацията/редакция | 31.05.2017 |
| Служител, извършил регистрацията/редакцията | Пенка_Димитрова |
| 999 ## - СИСТЕМНИ КОНТРОЛНИ НОМЕРА | |
| Koha biblionumber | 179299 |
| Koha biblioitemnumber | 179299 |
| Код за отписване | Код за изгубен артикул | Код за повреда | Коз за рестрикции | Код за отдаване | Артикулен № | Име на библиотеката - собственик | Име на библиотеката, в която се намира в момента | Статус (Текущо местоположение) | Дата на вписване в системата | Местоположение - отдел | Цена в лева | Инвентарен номер | Систематично азбучна сигнатура | Баркод | Номер на екземпляра | Цена в евро | Служебна бележка | Служебен тип на артикула |
|---|---|---|---|---|---|---|---|---|---|---|---|---|---|---|---|---|---|---|
| Не е изгубен | Не е повреден | без рестрикции | заемане за дома | 307524 | Регионална библиотека "Любен Каравелов" Русе | Регионална библиотека "Любен Каравелов" Русе | Заемна - подръчен фонд | 2016-05-31 | Заемна - подръчен фонд | 12.99 | 120000800475 | П 616/П 33 | 120000800475 | 1 | 6.64 | Дост: Pk Вид: Ф N: 461 Дата: 30.05.2016 Дата инв: 05.02.2018 Бележки инв: П2018 | Книги | |
| Не е изгубен | Не е повреден | без рестрикции | ползва се в читалня | 307525 | Регионална библиотека "Любен Каравелов" Русе | Регионална библиотека "Любен Каравелов" Русе | Хранилище | 2017-05-31 | Хранилище | 13.99 | 120000811872 | Цб 280722 | 120000811872 | 2 | 7.15 | Дост: Dp Вид: Д N: 18 Дата: 06.04.2017 | Книги |